Finančné nástroje zaistenia habilitačná práca

Salvato in:
Dettagli Bibliografici
Autore principale: Pinda, Ľudovít, 1958-
Natura: Libro
Lingua:slovacco
Pubblicazione: Bratislava 1998
Soggetti:
Tags: Aggiungi Tag
Nessun Tag, puoi essere il primo ad aggiungerne!!

MARC

LEADER 00000nam$a2200000$$$4500
001 0104085
005 20240502072134.3
041 0 |a slo 
044 |a SK 
245 1 0 |a Finančné nástroje zaistenia  |b habilitačná práca  |c Ľudovít Pinda 
264 1 |a Bratislava  |c 1998 
300 |a 117 s. 
610 2 0 |a zaistenie 
610 2 0 |a nástroje finančné 
610 2 0 |a deriváty 
610 2 0 |a úrok 
610 2 0 |a opcie 
100 1 |a Pinda, Ľudovít, 1958-